[Event "11th EUR-ch"]
[Site "Rijeka CRO"]
[Date "2010.03.15"]
[Round "9"]
[White "Faika, Michael"]
[Black "Winkler, Stefan"]
[Result "1/2-1/2"]
[WhiteElo "2102"]
[BlackElo "1855"]
[EventDate "2010.03.06"]
[PlyCount "66"]

1.e4 e6 2.d4 d5 3.Nc3 Bb4 4.Ne2 dxe4 5.a3 Be7 6.Nxe4 Nf6 7.N2g3 O-O 8.h4 
Nxe4 9.Nxe4 Nd7 10.Bd3 Nf6 11.Nxf6+ Bxf6 12.Be3 g6 13.Qd2 Bxd4 14.Bh6 Bxb2
15.Rb1 Bg7 16.Bxg7 Kxg7 17.h5 g5 18.h6+ Kh8 19.Rb5 f6 20.Qc3 e5 21.f4 gxf4
22.Rh5 Bg4 23.Rh4 e4 24.Rxg4 exd3 25.Qxd3 Qe8+ 26.Kf2 Rd8 27.Qe2 Qc6 28.
Qe7 Rg8 29.Rg7 Rd2+ 30.Ke1 Re8 31.Rxh7+ Kg8 32.Rg7+ Kh8 33.Rh7+ Kg8 
1/2-1/2

[Event "11th EUR-ch"]
[Site "Rijeka CRO"]
[Date "2010.03.15"]
[Round "9"]
[White "Hayes, Peter"]
[Black "Gandolfi, Gianfranco"]
[Result "1-0"]
[WhiteElo "2046"]
[BlackElo "1780"]
[EventDate "2010.03.06"]
[PlyCount "47"]

1.d4 d5 2.c4 e6 3.Nc3 Nf6 4.Bg5 Nbd7 5.e3 c6 6.Nf3 Qa5 7.Nd2 Bb4 8.Qc2 O-O
9.Be2 Ne4 10.Ndxe4 dxe4 11.Bh4 e5 12.O-O exd4 13.Nxe4 dxe3 14.a3 Bd2 15.c5
Ne5 16.b4 Qc7 17.Kh1 Be6 18.Ng5 Ng6 19.Nxe6 fxe6 20.Bg3 Qd7 21.Rad1 Rad8 
22.fxe3 Rxf1+ 23.Bxf1 Qf7 24.Bc4 1-0

[Event "11th EUR-ch"]
[Site "Rijeka CRO"]
[Date "2010.03.15"]
[Round "9"]
[White "Klasan, Elvis"]
[Black "Russo, Carmelo"]
[Result "1-0"]
[WhiteElo "1995"]
[BlackElo "1714"]
[EventDate "2010.03.06"]
[PlyCount "59"]

1.e4 c6 2.Nc3 d5 3.Nf3 dxe4 4.Nxe4 Bg4 5.Bc4 e6 6.O-O Nf6 7.Ng3 Bd6 8.d3 
Qc7 9.Bg5 Nbd7 10.d4 O-O 11.c3 h6 12.Be3 Nd5 13.Bxd5 cxd5 14.h3 Bxh3 15.
gxh3 Bxg3 16.Qd2 Bd6 17.Bxh6 gxh6 18.Qxh6 Bf4 19.Ng5 Bxg5 20.Qxg5+ Kh7 21.
Qh5+ Kg7 22.Qg5+ Kh7 23.Kh1 Rg8 24.Qh4+ Kg6 25.Rg1+ Kf5 26.Qh7+ Kf4 27.
Qxf7+ Ke4 28.Rxg8 Rxg8 29.Re1+ Kd3 30.Qf3+ 1-0

[Event "11th EUR-ch"]
[Site "Rijeka CRO"]
[Date "2010.03.15"]
[Round "9"]
[White "Gradiser, Dragoljub"]
[Black "Mravic, Filip"]
[Result "1/2-1/2"]
[WhiteElo "1954"]
[BlackElo "1718"]
[EventDate "2010.03.06"]
[PlyCount "89"]

1.e4 e5 2.Nf3 Nf6 3.Bc4 Nc6 4.d3 d5 5.exd5 Nxd5 6.h3 h6 7.Qe2 Bc5 8.Bd2 
O-O 9.Nc3 Nb6 10.Bb3 Nd4 11.Nxd4 exd4 12.Ne4 Bd6 13.O-O-O Re8 14.Qh5 Be6 
15.Bxh6 gxh6 16.Qxh6 Nd7 17.f4 Bxb3 18.axb3 Re6 19.Qh5 Bxf4+ 20.Kb1 Nf6 
21.Nxf6+ Qxf6 22.Rhf1 Qg5 23.Qf3 Rf6 24.Qxb7 Re8 25.Qxa7 Qe5 26.Rde1 Qxe1+
27.Rxe1 Rxe1+ 28.Ka2 Be5 29.b4 Re2 30.Kb3 Kg7 31.Qc5 Rff2 32.g4 Bf6 33.g5 
Be5 34.Qc6 Rxc2 35.Qh6+ Kg8 36.g6 Rxb2+ 37.Kc4 fxg6 38.Qxg6+ Kf8 39.Kd5 
Bg7 40.Qg4 Rxb4 41.Qc8+ Kf7 42.Qe6+ Kf8 43.Qc8+ Kf7 44.Qe6+ Kf8 45.Qc8+ 
1/2-1/2

[Event "11th EUR-ch"]
[Site "Rijeka CRO"]
[Date "2010.03.15"]
[Round "9"]
[White "Jokic, Miljenko"]
[Black "Mateta, Marin"]
[Result "1-0"]
[WhiteElo "1949"]
[BlackElo "1687"]
[EventDate "2010.03.06"]
[PlyCount "69"]

1.e4 g6 2.d4 Bg7 3.Nc3 d6 4.Bc4 Be6 5.d5 Bd7 6.Nf3 a6 7.a4 Bg4 8.h3 Bd7 9.
Be3 c5 10.O-O Nf6 11.Bf4 Qc8 12.Re1 Nh5 13.Bh2 O-O 14.e5 Bxh3 15.gxh3 Qxh3
16.Re4 dxe5 17.Nxe5 Nf6 18.Re3 Qc8 19.f4 Nbd7 20.Nxd7 Nxd7 21.Rxe7 Bd4+ 
22.Kh1 Nb6 23.Ba2 Qh3 24.Ne4 Bxb2 25.Rb1 Nxa4 26.Qd3 Qf5 27.d6 b5 28.Ng5 
c4 29.Qxf5 gxf5 30.Rg1 Bg7 31.Ne6 Rfe8 32.Rxg7+ Kh8 33.Rgxf7 Rxe7 34.dxe7 
Kg8 35.Rf8+ 1-0

[Event "11th EUR-ch"]
[Site "Rijeka CRO"]
[Date "2010.03.15"]
[Round "9"]
[White "Lekic, Lazar"]
[Black "Antoniacci, Riccardo"]
[Result "1-0"]
[WhiteElo "1739"]
[BlackElo "1921"]
[EventDate "2010.03.06"]
[PlyCount "39"]

1.e4 Nc6 2.Nc3 e5 3.Bc4 Nf6 4.d3 Bc5 5.f4 exf4 6.Bxf4 d6 7.Nf3 Bg4 8.Qd2 
Nd4 9.Nxd4 Bxd4 10.h3 Be6 11.Bb3 c6 12.Be3 Be5 13.O-O Qd7 14.Ne2 a5 15.d4 
Nxe4 16.Qd3 Ng3 17.Nxg3 Bxg3 18.Bg5 h6 19.Bxe6 fxe6 20.Qg6+ 1-0

[Event "11th EUR-ch"]
[Site "Rijeka CRO"]
[Date "2010.03.15"]
[Round "9"]
[White "Rafaelic, Denis"]
[Black "Camber, Ivan"]
[Result "0-1"]
[WhiteElo "1714"]
[BlackElo "1911"]
[EventDate "2010.03.06"]
[PlyCount "74"]

1.d4 d5 2.c4 e6 3.Nc3 Nf6 4.Bg5 Nbd7 5.e3 c6 6.Nf3 Qa5 7.Bd3 Bb4 8.Qc2 
dxc4 9.Bxc4 Ne4 10.Qxe4 Bxc3+ 11.Ke2 Bxb2 12.Rab1 Ba3 13.Rhd1 Nb6 14.d5 
Nxc4 15.dxc6 O-O 16.cxb7 Bxb7 17.Qxb7 Nd6 18.Qb3 Ne4 19.Rd3 Bd6 20.Rxd6 
Nxd6 21.Be7 Rfe8 22.Bxd6 Qa6+ 23.Qd3 Qxd3+ 24.Kxd3 Red8 25.Rb7 Rxd6+ 26.
Ke2 Ra6 27.Rb2 Rb6 28.Rc2 Rab8 29.Kd3 Rb2 30.Kc3 Rxc2+ 31.Kxc2 Rc8+ 32.Kb3
Kf8 33.h4 Rb8+ 34.Kc3 a5 35.Ne5 Rb4 36.Nd7+ Ke7 37.Nc5 Kd6 0-1

[Event "11th EUR-ch"]
[Site "Rijeka CRO"]
[Date "2010.03.15"]
[Round "9"]
[White "Tica, Sven"]
[Black "Dubrovic, Gabriel"]
[Result "0-1"]
[WhiteElo "1562"]
[BlackElo "1606"]
[EventDate "2010.03.06"]
[PlyCount "86"]

1.c4 c5 2.Nf3 e6 3.e3 Nf6 4.Nc3 Nc6 5.Be2 Be7 6.O-O O-O 7.a3 d5 8.cxd5 
Nxd5 9.d4 cxd4 10.Nxd4 Nxc3 11.bxc3 Qc7 12.Bf3 Ne5 13.Qb3 Nxf3+ 14.Nxf3 b6
15.Bb2 Bb7 16.Qd1 Rfd8 17.Qe2 Bxf3 18.Qxf3 Rac8 19.Rac1 Rd2 20.Rb1 Qc6 21.
Rfd1 Qxf3 22.gxf3 Rcd8 23.Rxd2 Rxd2 24.c4 Rc2 25.Bd4 Rxc4 26.Kf1 Bxa3 27.
Ra1 Rc1+ 28.Ke2 Rxa1 29.Bxa1 Bd6 30.h3 g6 31.Kd3 Bc5 32.Kc4 a6 33.f4 Kf8 
34.Bc3 Ke7 35.Bd2 Kd6 36.f3 Kc6 37.e4 b5+ 38.Kb3 Kb6 39.Bc1 a5 40.Bd2 a4+ 
41.Ka2 b4 42.Kb2 Kb5 43.Ka2 Kc4 0-1

[Event "11th EUR-ch"]
[Site "Rijeka CRO"]
[Date "2010.03.15"]
[Round "9"]
[White "Krsnik Cohar, Ivan Vihor"]
[Black "Tomulic, Teo"]
[Result "1-0"]
[WhiteElo "1718"]
[BlackElo "1577"]
[EventDate "2010.03.06"]
[PlyCount "57"]

1.d4 e6 2.Nf3 Nf6 3.Bg5 Be7 4.e3 O-O 5.Nbd2 c6 6.Bd3 Nd5 7.Bxe7 Qxe7 8.c3 
d6 9.O-O Nd7 10.Qe2 e5 11.Rfe1 N7f6 12.dxe5 dxe5 13.Bc2 Re8 14.Rad1 Bg4 
15.h3 Bh5 16.e4 Nb6 17.Nf1 h6 18.Ng3 Bg6 19.Nh4 Bh7 20.Nhf5 Qc7 21.Bb3 
Rad8 22.Qf3 Nc8 23.Nxh6+ gxh6 24.Qxf6 Rd6 25.Rxd6 Nxd6 26.Nh5 Kf8 27.Qxh6+
Ke7 28.Qxh7 Qc8 29.Qg7 1-0

[Event "11th EUR-ch"]
[Site "Rijeka CRO"]
[Date "2010.03.15"]
[Round "9"]
[White "Plenca, Jadranko"]
[Black "Dujic, Davor"]
[Result "1-0"]
[WhiteElo "1718"]
[BlackElo "1598"]
[EventDate "2010.03.06"]
[PlyCount "43"]

1.e4 c6 2.d4 d5 3.exd5 cxd5 4.c4 Nc6 5.Nf3 Nf6 6.Nc3 Bg4 7.cxd5 Nxd5 8.Qb3
Bxf3 9.gxf3 Nb6 10.Be3 e6 11.Rd1 Bb4 12.Bb5 Bxc3+ 13.bxc3 a6 14.Bxc6+ bxc6
15.d5 Rb8 16.dxe6 Qc7 17.Bxb6 Rxb6 18.exf7+ Kf8 19.Qe6 Rb8 20.Rd7 Rb1+ 21.
Ke2 Rb2+ 22.Kf1 1-0

[Event "11th EUR-ch"]
[Site "Rijeka CRO"]
[Date "2010.03.16"]
[Round "10"]
[White "Khismatullin, Denis"]
[Black "Nepomnyaschy, Yan"]
[Result "1/2-1/2"]
[WhiteElo "2657"]
[BlackElo "2656"]
[EventDate "2010.03.06"]
[PlyCount "27"]

1.d4 Nf6 2.Nf3 g6 3.Nbd2 d5 4.e3 Bg7 5.b4 O-O 6.Bb2 Ne4 7.c4 b6 8.Rc1 Bb7 
9.cxd5 Nxd2 10.Qxd2 Bxd5 11.a3 Nd7 12.Be2 Qb8 13.O-O Qb7 14.Rfd1 1/2-1/2

[Event "11th EUR-ch"]
[Site "Rijeka CRO"]
[Date "2010.03.16"]
[Round "10"]
[White "Mamedov, Rauf"]
[Black "Jobava, Baadur"]
[Result "1/2-1/2"]
[WhiteElo "2639"]
[BlackElo "2695"]
[EventDate "2010.03.06"]
[PlyCount "161"]

1.e4 c6 2.d4 d5 3.exd5 cxd5 4.c4 Nf6 5.Nc3 e6 6.Nf3 Be7 7.cxd5 Nxd5 8.Bd3 
Nc6 9.O-O O-O 10.Re1 Nf6 11.Bg5 h6 12.Bf4 Bd6 13.Be5 b6 14.Rc1 Bb7 15.Bb1 
Rc8 16.a3 Na5 17.Qd3 Bxe5 18.Nxe5 Re8 19.Rcd1 Bd5 20.h3 Nc4 21.Re2 Kf8 22.
Rde1 a6 23.Qg3 Nd6 24.Qf4 Bb7 25.Ng4 Nd5 26.Nxd5 Bxd5 27.Ne3 Bb7 28.Ng4 h5
29.Ne5 Kg8 30.Re3 Rc7 31.Rg3 Nf5 32.Bxf5 exf5 33.Qxf5 h4 34.Rge3 Qd5 35.
Qg4 Rce7 36.Nd7 Qd6 37.Rxe7 Rxe7 38.Rxe7 Qxe7 39.Ne5 Qc7 40.Qxh4 f6 41.Nd3
Qc2 42.Qf4 Qxd3 43.Qb8+ Kh7 44.Qxb7 Qd1+ 45.Kh2 Qxd4 46.Qxa6 Qxb2 47.Qd3+ 
Kh8 48.Qe3 Qb5 49.h4 Qc6 50.g3 b5 51.h5 f5 52.f3 Kh7 53.Qd3 Qc5 54.g4 Kh8 
55.gxf5 b4 56.axb4 Qxb4 57.Qe4 Qd2+ 58.Kh3 Qd7 59.h6 gxh6 60.Qe5+ Kh7 61.
Qe6 Qd1 62.Qg6+ Kh8 63.Qxh6+ Kg8 64.Qe6+ Kf8 65.Qf6+ Kg8 66.Qg5+ Kf7 67.
Qe3 Qa1 68.Kg4 Qg7+ 69.Qg5 Qd4+ 70.Kh3 Qa1 71.Qg6+ Kf8 72.Qd6+ Kf7 73.Qe6+
Kf8 74.Qe3 Kf7 75.f4 Qa2 76.Kg3 Kf6 77.Qe5+ Kf7 78.Qd4 Qe2 79.Qd5+ Kf6 80.
Qe6+ Qxe6 81.fxe6 1/2-1/2

[Event "11th EUR-ch"]
[Site "Rijeka CRO"]
[Date "2010.03.16"]
[Round "10"]
[White "Akopian, Vladimir"]
[Black "Sokolov, Ivan"]
[Result "1/2-1/2"]
[WhiteElo "2688"]
[BlackElo "2638"]
[EventDate "2010.03.06"]
[PlyCount "41"]

1.e4 e5 2.Nf3 Nc6 3.Bb5 Bc5 4.O-O Nd4 5.Nxd4 Bxd4 6.c3 Bb6 7.d4 c6 8.Ba4 
d6 9.Na3 exd4 10.cxd4 Ne7 11.d5 O-O 12.dxc6 bxc6 13.Nc4 Bc7 14.Re1 Be6 15.
b3 d5 16.exd5 cxd5 17.Ne5 Nf5 18.Ba3 Bd6 19.Nc6 Qc7 20.Bxd6 Qxd6 21.Nd4 
1/2-1/2

[Event "11th EUR-ch"]
[Site "Rijeka CRO"]
[Date "2010.03.16"]
[Round "10"]
[White "Efimenko, Zahar"]
[Black "Timofeev, Artiom"]
[Result "1/2-1/2"]
[WhiteElo "2640"]
[BlackElo "2655"]
[EventDate "2010.03.06"]
[PlyCount "31"]

1.e4 c5 2.Nf3 e6 3.Nc3 Nc6 4.d4 cxd4 5.Nxd4 Nf6 6.Ndb5 d6 7.Bf4 e5 8.Bg5 
a6 9.Na3 b5 10.Nd5 Be7 11.Bxf6 Bxf6 12.c4 b4 13.Nc2 O-O 14.g3 Bg5 15.Bg2 
a5 16.O-O 1/2-1/2

[Event "11th EUR-ch"]
[Site "Rijeka CRO"]
[Date "2010.03.16"]
[Round "10"]
[White "Sutovsky, Emil"]
[Black "Movsesian, Sergei"]
[Result "1/2-1/2"]
[WhiteElo "2650"]
[BlackElo "2709"]
[EventDate "2010.03.06"]
[PlyCount "55"]

1.e4 c5 2.Nf3 Nc6 3.d4 cxd4 4.Nxd4 e6 5.Nc3 a6 6.Nxc6 bxc6 7.Bd3 d5 8.O-O 
Nf6 9.Qe2 Be7 10.b3 O-O 11.Bb2 Bb7 12.Rae1 Qc7 13.e5 Nd7 14.f4 Nc5 15.f5 
Nxd3 16.Qxd3 exf5 17.Rxf5 Rae8 18.Ne2 c5 19.Ref1 g6 20.Qg3 d4 21.Bc1 Qc6 
22.Bh6 Qe4 23.e6 fxe6 24.Rxf8+ Bxf8 25.Qf2 Qf5 26.Qg3 Qe4 27.Qf2 Qf5 28.
Qg3 1/2-1/2

[Event "11th EUR-ch"]
[Site "Rijeka CRO"]
[Date "2010.03.16"]
[Round "10"]
[White "Alekseev, Evgeny"]
[Black "Macieja, Bartlomiej"]
[Result "1/2-1/2"]
[WhiteElo "2700"]
[BlackElo "2625"]
[EventDate "2010.03.06"]
[PlyCount "78"]

1.d4 Nf6 2.Nf3 e6 3.c4 d5 4.Nc3 c5 5.cxd5 Nxd5 6.e4 Nxc3 7.bxc3 cxd4 8.
cxd4 Bb4+ 9.Bd2 Bxd2+ 10.Qxd2 O-O 11.Rc1 b6 12.Bd3 Bb7 13.O-O Nc6 14.d5 
Na5 15.dxe6 fxe6 16.Ng5 Qe7 17.e5 h6 18.Ne4 Bxe4 19.Bxe4 Rad8 20.Qe2 Nb7 
21.Bb1 Nc5 22.Rc3 Rd4 23.Rg3 g5 24.Rh3 Qg7 25.Qh5 Rd5 26.Qxh6 Qxh6 27.Rxh6
Rxe5 28.Rd1 Rf7 29.Kf1 Kg7 30.Rh7+ Kf6 31.Rxf7+ Kxf7 32.f4 gxf4 33.Rd4 Re3
34.Rxf4+ Kg7 35.Rc4 a5 36.Kf2 Ra3 37.h4 Ra4 38.Rxa4 Nxa4 39.Bd3 Nc3 
1/2-1/2

[Event "11th EUR-ch"]
[Site "Rijeka CRO"]
[Date "2010.03.16"]
[Round "10"]
[White "Fressinet, Laurent"]
[Black "Potkin, Vladimir"]
[Result "1/2-1/2"]
[WhiteElo "2670"]
[BlackElo "2606"]
[EventDate "2010.03.06"]
[PlyCount "35"]

1.d4 d5 2.Nf3 Nf6 3.c4 e6 4.Nc3 c6 5.e3 Nbd7 6.Qc2 Bd6 7.Bd3 O-O 8.O-O 
dxc4 9.Bxc4 a6 10.a4 c5 11.dxc5 Nxc5 12.Rd1 Qc7 13.b4 Ncd7 14.Ne4 Nxe4 15.
Qxe4 Ne5 16.Ng5 Ng6 17.h4 Bh2+ 18.Kh1 1/2-1/2

[Event "11th EUR-ch"]
[Site "Rijeka CRO"]
[Date "2010.03.16"]
[Round "10"]
[White "Inarkiev, Ernesto"]
[Black "Lysyi, Igor"]
[Result "0-1"]
[WhiteElo "2667"]
[BlackElo "2615"]
[EventDate "2010.03.06"]
[PlyCount "116"]

1.e4 e6 2.d4 d5 3.Nc3 Nf6 4.e5 Nfd7 5.f4 c5 6.Nf3 Nc6 7.Be3 a6 8.Qd2 b5 9.
dxc5 Bxc5 10.Ne2 Qb6 11.Bxc5 Nxc5 12.Ned4 Bd7 13.Nxc6 Bxc6 14.Nd4 O-O 15.
Bd3 f6 16.exf6 Rxf6 17.O-O-O Be8 18.Rhf1 Rc8 19.g4 Qd6 20.Kb1 Nxd3 21.cxd3
Bd7 22.Ne2 Rcf8 23.Rg1 d4 24.h4 Bc6 25.Rdf1 b4 26.h5 a5 27.Rf2 a4 28.Rgf1 
a3 29.b3 R6f7 30.Ng3 Bd5 31.h6 g6 32.Ne2 Bb7 33.f5 exf5 34.gxf5 Bc8 35.f6 
Bf5 36.Rf3 Rxf6 37.Nc1 Qc5 38.Qe2 Rc8 39.Qd2 Qc3 40.Qxc3 Rxc3 41.Rf4 Rd6 
42.Re1 Kf7 43.Ree4 Kf6 44.Rxd4 Rxd4 45.Rxd4 g5 46.Rxb4 g4 47.Rf4 Kg5 48.
Rf2 Bg6 49.b4 Kxh6 50.b5 Rc5 51.Rh2+ Kg5 52.b6 Rb5+ 53.Kc2 Rxb6 54.Kc3 h5 
55.Ne2 Rb2 56.d4 Rxa2 57.Kb3 Rd2 58.Kxa3 Bd3 0-1

[Event "11th EUR-ch"]
[Site "Rijeka CRO"]
[Date "2010.03.16"]
[Round "10"]
[White "Salgado Lopez, Ivan"]
[Black "Berkes, Ferenc"]
[Result "1/2-1/2"]
[WhiteElo "2592"]
[BlackElo "2659"]
[EventDate "2010.03.06"]
[PlyCount "137"]

1.d4 Nf6 2.c4 e6 3.Nf3 b6 4.a3 Bb7 5.Nc3 d5 6.Qa4+ c6 7.Bg5 Be7 8.cxd5 
exd5 9.e3 O-O 10.Be2 Nbd7 11.O-O h6 12.Bh4 Ne4 13.Bxe7 Nxc3 14.bxc3 Qxe7 
15.Qb3 c5 16.a4 c4 17.Qb1 Bc6 18.Qf5 g6 19.Qf4 Kg7 20.h4 Rae8 21.Bd1 f5 
22.Bc2 Rf6 23.Rfe1 Ref8 24.Kf1 Re6 25.Qg3 Qd6 26.Qf4 Qe7 27.Qg3 Qd6 28.Qf4
Rf7 29.Qxd6 Rxd6 30.Ne5 Nxe5 31.dxe5 Rd8 32.f4 h5 33.Reb1 Rc7 34.a5 b5 35.
Bd1 Kf7 36.Bf3 Ke6 37.Ke2 a6 38.Rb2 Rcd7 39.Rd1 Bb7 40.Rd4 Bc6 41.Rb1 Rb8 
42.Kd2 Rbd8 43.Kc2 Rb8 44.Rb4 Rbd8 45.Kb2 Ba8 46.Ka3 Bc6 47.Rb1 Ba8 48.Kb4
Bb7 49.Rh1 Rg8 50.Rh3 Rh8 51.Rg3 Rh6 52.Rg5 Rc7 53.Rd1 Ba8 54.Rh1 Bc6 55.
Kc5 Be8+ 56.Kd4 Rd7 57.Rd1 Rhh7 58.Kc5 Rc7+ 59.Kb4 Rhd7 60.Rd4 Bf7 61.Rg3 
Be8 62.Rh3 Rc8 63.Rh1 Rb8 64.Rhd1 Rbd8 65.g3 Bf7 66.Bg2 Ke7 67.Bh1 Be6 68.
Bf3 Bf7 69.Bg2 1/2-1/2

[Event "11th EUR-ch"]
[Site "Rijeka CRO"]
[Date "2010.03.16"]
[Round "10"]
[White "Navara, David"]
[Black "Ragger, Markus"]
[Result "1-0"]
[WhiteElo "2708"]
[BlackElo "2572"]
[EventDate "2010.03.06"]
[PlyCount "81"]

1.e4 e5 2.Nf3 Nc6 3.Bb5 a6 4.Ba4 Nf6 5.O-O b5 6.Bb3 Bc5 7.a4 Rb8 8.c3 d6 
9.d4 Bb6 10.a5 Ba7 11.h3 O-O 12.Be3 Ra8 13.Nbd2 Bb7 14.Re1 exd4 15.cxd4 
Nb4 16.Bg5 h6 17.Bh4 Nd3 18.Re3 Nf4 19.Rc1 c5 20.e5 dxe5 21.dxc5 Rc8 22.
Nxe5 Rxc5 23.Nf1 Rxc1 24.Bxf7+ Rxf7 25.Qxd8+ Rf8 26.Qd2 Bxe3 27.Qxe3 g5 
28.Bg3 N6h5 29.Bxf4 Nxf4 30.Ng6 Ra1 31.Nxf8 Bxg2 32.Qe8 Rxf1+ 33.Kh2 Rh1+ 
34.Kg3 Rxh3+ 35.Kg4 Rh4+ 36.Kf5 Bh3+ 37.Ke5 Kg7 38.Qe7+ Kg8 39.Qd8 Kg7 40.
Qf6+ Kg8 41.Ng6 1-0

[Event "11th EUR-ch"]
[Site "Rijeka CRO"]
[Date "2010.03.16"]
[Round "10"]
[White "Giri, Anish"]
[Black "Almasi, Zoltan"]
[Result "0-1"]
[WhiteElo "2624"]
[BlackElo "2720"]
[EventDate "2010.03.06"]
[PlyCount "122"]

1.d4 d5 2.Nf3 Nf6 3.c4 c6 4.e3 g6 5.Nc3 Bg7 6.Be2 O-O 7.O-O dxc4 8.Bxc4 
Nbd7 9.e4 Nb6 10.Bb3 Bg4 11.Be3 e5 12.dxe5 Nfd7 13.e6 fxe6 14.Qd6 Bxf3 15.
gxf3 Ne5 16.Qxe6+ Kh8 17.f4 Qh4 18.Kg2 Nd3 19.Ne2 Rae8 20.Qh3 Qxh3+ 21.
Kxh3 Rxe4 22.Kg2 Nxb2 23.Ng3 Ree8 24.Bc5 Nd3 25.Bxf8 Bxa1 26.Bd6 Nc8 27.
Bb8 Bf6 28.f5 Kg7 29.fxg6 hxg6 30.f4 Nc5 31.f5 Nxb3 32.axb3 a6 33.fxg6 
Kxg6 34.Kf3 Ne7 35.Ba7 Nf5 36.Bf2 Re5 37.Ne4 Rb5 38.Rb1 Nd4+ 39.Bxd4 Bxd4 
40.Ke2 Be5 41.h3 Kf5 42.Nd2 Bf4 43.Nf3 Ke4 44.Ra1 Rb4 45.Ra3 c5 46.Ne1 Bc1
47.Ra5 Be3 48.Ra3 Bd4 49.Nd3 Rb6 50.Ra4 Kd5 51.Ra3 Re6+ 52.Kd2 Be3+ 53.Kc2
Rh6 54.b4 c4 55.Nc1 Bxc1 56.Kxc1 Rb6 57.Ra4 Kd4 58.Kc2 Rg6 59.Ra3 Rg2+ 60.
Kc1 c3 61.Ra5 Kc4 0-1

[Event "11th EUR-ch"]
[Site "Rijeka CRO"]
[Date "2010.03.16"]
[Round "10"]
[White "Khairullin, Ildar"]
[Black "Adams, Michael"]
[Result "1-0"]
[WhiteElo "2617"]
[BlackElo "2704"]
[EventDate "2010.03.06"]
[PlyCount "87"]

1.d4 Nf6 2.c4 e6 3.Nc3 Bb4 4.f3 O-O 5.a3 Bxc3+ 6.bxc3 Nh5 7.Nh3 f5 8.Bg5 
Qe8 9.g4 fxg4 10.fxg4 Nf6 11.Bxf6 Rxf6 12.Bg2 Nc6 13.Qd3 Ne7 14.Be4 g6 15.
g5 Rf7 16.Nf2 d5 17.Bf3 e5 18.cxd5 exd4 19.cxd4 Bf5 20.Qb3 c6 21.dxc6 bxc6
22.O-O Rb8 23.Qe3 Qd7 24.Qd2 Rb3 25.Bg2 Qd6 26.Rfc1 Qb8 27.e4 Bc8 28.Nd3 
Qb6 29.Nc5 Rb2 30.Rc2 Rxc2 31.Qxc2 h5 32.Rf1 Rxf1+ 33.Bxf1 Kg7 34.Qc3 Kf8 
35.Qf3+ Ke8 36.Qf6 Qb1 37.e5 Qc1 38.Qh8+ Kf7 39.e6+ Bxe6 40.Qf6+ Ke8 41.
Nxe6 Qe3+ 42.Kg2 Qe4+ 43.Kf2 Qh4+ 44.Kg1 1-0

[Event "11th EUR-ch"]
[Site "Rijeka CRO"]
[Date "2010.03.16"]
[Round "10"]
[White "Edouard, Romain"]
[Black "Tomashevsky, Evgeny"]
[Result "0-1"]
[WhiteElo "2617"]
[BlackElo "2701"]
[EventDate "2010.03.06"]
[PlyCount "72"]

1.d4 Nf6 2.c4 e6 3.Nc3 Bb4 4.Qc2 O-O 5.Bg5 d6 6.e3 h6 7.Bh4 e5 8.Ne2 exd4 
9.exd4 d5 10.c5 b6 11.O-O-O bxc5 12.dxc5 c6 13.Na4 Ba5 14.Nd4 Bc7 15.Bd3 
Be5 16.Ne2 Ba6 17.f4 Bc7 18.Rhf1 Bxd3 19.Rxd3 Nbd7 20.Nd4 Qc8 21.Rff3 Ne4 
22.Nf5 Bd8 23.Bf2 Ndf6 24.Nd4 Nxf2 25.Rxf2 Ne4 26.Re2 Bf6 27.Nf3 Rb8 28.
Nd2 Nxd2 29.Qxd2 Qf5 30.g3 Rfe8 31.Rxe8+ Rxe8 32.Re3 Re4 33.b3 g5 34.Rxe4 
Qxe4 35.Nb2 gxf4 36.gxf4 Bd4 0-1

[Event "11th EUR-ch"]
[Site "Rijeka CRO"]
[Date "2010.03.16"]
[Round "10"]
[White "Naiditsch, Arkadij"]
[Black "Hracek, Zbynek"]
[Result "1/2-1/2"]
[WhiteElo "2691"]
[BlackElo "2615"]
[EventDate "2010.03.06"]
[PlyCount "81"]

1.e4 c5 2.Nf3 Nc6 3.d4 cxd4 4.Nxd4 e5 5.Nb5 d6 6.N1c3 a6 7.Na3 Be7 8.Nc4 
b5 9.Ne3 Nf6 10.Bd3 O-O 11.O-O Nb4 12.Be2 Be6 13.Bf3 Nc6 14.g3 Nd4 15.Bg2 
Rc8 16.a3 a5 17.Bd2 Qb6 18.b4 a4 19.g4 g6 20.Rc1 h6 21.Kh1 Bc4 22.Rg1 Ne6 
23.f3 Nf4 24.Nxc4 Rxc4 25.Bf1 Rxc3 26.Bxc3 h5 27.gxh5 N6xh5 28.Bd2 Bh4 29.
c4 bxc4 30.Rxc4 Bf2 31.Rg5 Kg7 32.Be1 Qe3 33.Bxf2 Qxf2 34.Rc2 Qe3 35.Qxd6 
Qxf3+ 36.Bg2 Nxg2 37.Rcxg2 Qf1+ 38.Rg1 Qf3+ 39.R1g2 Qf1+ 40.Rg1 Qf3+ 41.
R1g2 1/2-1/2

[Event "11th EUR-ch"]
[Site "Rijeka CRO"]
[Date "2010.03.16"]
[Round "10"]
[White "Markus, Robert"]
[Black "Sargissian, Gabriel"]
[Result "1/2-1/2"]
[WhiteElo "2618"]
[BlackElo "2675"]
[EventDate "2010.03.06"]
[PlyCount "53"]

1.d4 Nf6 2.c4 e6 3.g3 d5 4.Bg2 Bb4+ 5.Bd2 Be7 6.Nf3 O-O 7.O-O c6 8.Bf4 
Nbd7 9.Qb3 Nh5 10.Be3 Nhf6 11.Rd1 b6 12.Bg5 Bb7 13.Nc3 h6 14.Bxf6 Nxf6 15.
Rac1 Rc8 16.Ne5 Qd6 17.e4 Rfd8 18.c5 Qc7 19.exd5 Nxd5 20.Ne4 f5 21.cxb6 
axb6 22.Nc3 c5 23.Nxd5 Bxd5 24.Bxd5 Rxd5 25.Nc4 Rxd4 26.Nxb6 c4 27.Rxd4 
1/2-1/2

[Event "11th EUR-ch"]
[Site "Rijeka CRO"]
[Date "2010.03.16"]
[Round "10"]
[White "Kurnosov, Igor"]
[Black "Petrosian, Tigran L."]
[Result "1-0"]
[WhiteElo "2674"]
[BlackElo "2612"]
[EventDate "2010.03.06"]
[PlyCount "87"]

1.e4 e5 2.Nf3 Nc6 3.Bb5 Nf6 4.O-O Nxe4 5.d4 Nd6 6.Bxc6 dxc6 7.dxe5 Nf5 8.
Qxd8+ Kxd8 9.Nc3 Ke8 10.Ne4 Be6 11.Re1 c5 12.Rd1 b6 13.Nc3 c6 14.h3 Be7 
15.g4 Nd4 16.Nxd4 cxd4 17.Rxd4 h5 18.Kg2 hxg4 19.hxg4 c5 20.Re4 Rd8 21.f3 
Kd7 22.Re1 Kc6 23.a4 Rd4 24.Ne2 Rdd8 25.Nf4 g5 26.Nxe6 fxe6 27.Be3 Rd5 28.
Rad1 Rxe5 29.c4 a6 30.b3 Bd6 31.f4 Re4 32.Kf3 Rxe3+ 33.Rxe3 Rh3+ 34.Ke4 
Rxe3+ 35.Kxe3 Bxf4+ 36.Ke4 b5 37.Rd8 bxa4 38.bxa4 a5 39.Re8 Kd7 40.Ra8 Bd2
41.Kd3 Be1 42.Ra7+ Kc6 43.Re7 Kd6 44.Rg7 1-0

[Event "11th EUR-ch"]
[Site "Rijeka CRO"]
[Date "2010.03.16"]
[Round "10"]
[White "Lupulescu, Constantin"]
[Black "Nisipeanu, Liviu-Dieter"]
[Result "1/2-1/2"]
[WhiteElo "2598"]
[BlackElo "2661"]
[EventDate "2010.03.06"]
[PlyCount "28"]

1.e4 c6 2.d4 d5 3.Nc3 dxe4 4.Nxe4 Bf5 5.Ng3 Bg6 6.Nf3 Nd7 7.Bd3 Ngf6 8.O-O
e6 9.Re1 Be7 10.c3 Bxd3 11.Qxd3 O-O 12.Ne4 Nxe4 13.Qxe4 Nf6 14.Qc2 c5 
1/2-1/2

[Event "11th EUR-ch"]
[Site "Rijeka CRO"]
[Date "2010.03.16"]
[Round "10"]
[White "Safarli, Eltaj"]
[Black "Pashikian, Arman"]
[Result "0-1"]
[WhiteElo "2606"]
[BlackElo "2652"]
[EventDate "2010.03.06"]
[PlyCount "78"]

1.e4 e5 2.Nf3 Nc6 3.Bb5 Nf6 4.Qe2 Bc5 5.c3 O-O 6.d3 Re8 7.Bg5 h6 8.Bh4 Be7
9.Nbd2 d6 10.O-O-O Bd7 11.Rhg1 a6 12.Bxc6 bxc6 13.g4 Nxg4 14.Bg3 Rb8 15.d4
exd4 16.cxd4 Qc8 17.h3 Qb7 18.b3 Nf6 19.Bf4 Kh8 20.Qe3 Bf8 21.Bxh6 gxh6 
22.Qf4 Re6 23.e5 dxe5 24.Nxe5 Be8 25.Ndc4 Rd8 26.Qf5 c5 27.d5 Rxd5 28.Ng6+
fxg6 29.Qxe6 Rxd1+ 30.Rxd1 Bg7 31.Rd8 Kh7 32.Ne5 Qh1+ 33.Kb2 Qe4 34.f3 Qe3
35.Qe7 Bb5 36.f4 Qxf4 37.Rh8+ Kxh8 38.Nxg6+ Kh7 39.Nxf4 Ng8+ 0-1

[Event "11th EUR-ch"]
[Site "Rijeka CRO"]
[Date "2010.03.16"]
[Round "10"]
[White "Roiz, Michael"]
[Black "Stocek, Jiri"]
[Result "1/2-1/2"]
[WhiteElo "2652"]
[BlackElo "2591"]
[EventDate "2010.03.06"]
[PlyCount "85"]

1.d4 Nf6 2.c4 e6 3.Nf3 Bb4+ 4.Bd2 c5 5.Bxb4 cxb4 6.e3 O-O 7.Bd3 d6 8.O-O 
Re8 9.Nbd2 e5 10.Qc2 Bg4 11.Bf5 Bxf5 12.Qxf5 g6 13.Qc2 Nbd7 14.a3 bxa3 15.
Rxa3 a6 16.b4 Rc8 17.Rc1 exd4 18.Nxd4 Ne5 19.Qb1 Qe7 20.Rac3 Nc6 21.N2f3 
Ne5 22.h3 Nxf3+ 23.Nxf3 Rc7 24.Qd3 Rec8 25.Nd2 Qe5 26.R3c2 b5 27.cxb5 Rxc2
28.Rxc2 Rxc2 29.Qxc2 Qxb5 30.Qc8+ Kg7 31.Qc3 Qe5 32.Qa3 Ne4 33.Nxe4 Qxe4 
34.Qc3+ Kg8 35.Qc8+ Kg7 36.Qc3+ Kg8 37.f3 Qe6 38.Qd3 d5 39.Qd4 h5 40.Kf2 
Qc6 41.h4 Qc2+ 42.Kg3 Qc7+ 43.Kf2 1/2-1/2

[Event "11th EUR-ch"]
[Site "Rijeka CRO"]
[Date "2010.03.16"]
[Round "10"]
[White "Nyback, Tomi"]
[Black "Guliev, Namig"]
[Result "1/2-1/2"]
[WhiteElo "2624"]
[BlackElo "2516"]
[EventDate "2010.03.06"]
[PlyCount "43"]

1.c4 c6 2.d4 d5 3.Nf3 Nf6 4.e3 e6 5.b3 Nbd7 6.Bd3 b6 7.O-O Bd6 8.Bb2 Bb7 
9.Ne5 O-O 10.Nd2 c5 11.cxd5 exd5 12.f4 Qe7 13.Ndf3 Rad8 14.Qe1 Ne4 15.Nxd7
Rxd7 16.Ne5 Rdd8 17.Bxe4 dxe4 18.Nc4 cxd4 19.Nxd6 Qxd6 20.Bxd4 Ba6 21.Qg3 
Qg6 22.Qxg6 1/2-1/2

[Event "11th EUR-ch"]
[Site "Rijeka CRO"]
[Date "2010.03.16"]
[Round "10"]
[White "Mamedov, Nidjat"]
[Black "Lopez Martinez, Josep Manuel"]
[Result "1/2-1/2"]
[WhiteElo "2623"]
[BlackElo "2548"]
[EventDate "2010.03.06"]
[PlyCount "49"]

1.e4 c5 2.Nf3 d6 3.d4 cxd4 4.Nxd4 Nf6 5.Nc3 a6 6.Bc4 e6 7.O-O b5 8.Bb3 Be7
9.f4 Bb7 10.f5 e5 11.Nf3 h6 12.Be3 Nxe4 13.Nxe4 Bxe4 14.Nxe5 dxe5 15.Qg4 
Bb7 16.Qxg7 Rf8 17.f6 Bd6 18.Rad1 Qc7 19.Rd3 Bc5 20.Bxc5 Qxc5+ 21.Kh1 Nc6 
22.Rd5 Qe3 23.Rd3 Qc5 24.Rd5 Qe3 25.Rd3 1/2-1/2